| 000 | 00506nam a2200097Ia 4500 | ||
|---|---|---|---|
| 008 | 160725s9999 xx 000 0 und d | ||
| 100 | _aGermano, Dennis Prince Y., Infante, Philippe, Melitante, George Christian, Nuyda, Socorro, & Tango,, Ma. Ana. T. | ||
| 245 | _aExternal factors affecting the operation of private non-sectarian higher educational institutions (HEIs) in Metro Manila. | ||
| 260 |
_bKaizen Research Journal College of Business Administration _cJanuary 2014 |
||
| 650 | _aBUSINESS ADMINISTRATION | ||
| 999 |
_c297998 _d297998 |
||